000 00462nam a2200181Ia 4500
003 LK-CoDNM
008 010623t1913 xxu||||| |||| 00| 1 eng d
040 _aLK-CoDNM
_dLK-CoDNM
_eLK-CoDNM
041 _aeng
080 _a50
_bC12
100 _aMartin,J.B.
245 _aCatholic the proposed Ceylon University College
260 _bMessenger Press
_aColombo
_c1913
300 _bV,42P., 20 cm
650 _aChristianity
650 _aEducation
942 _cBK
999 _c87673
_d87673